The political economy of growth

保存先:
書誌詳細
第一著者: Baran, Paul A.
フォーマット: 図書
言語:Undetermined
出版事項: London Penguin Books 1957
主題:
タグ: タグ追加
タグなし, このレコードへの初めてのタグを付けませんか!
Thư viện lưu trữ: Trung tâm Học liệu Trường Đại học Cần Thơ
LEADER 00475nam a2200181Ia 4500
001 CTU_81758
008 210402s9999 xx 000 0 und d
082 |a 330 
082 |b B225 
100 |a Baran, Paul A. 
245 4 |a The political economy of growth 
245 0 |c Paul A. Baran 
260 |a London 
260 |b Penguin Books 
260 |c 1957 
650 |a Economic development 
904 |i Trọng Hải 
980 |a Trung tâm Học liệu Trường Đại học Cần Thơ